| 000 -LEADER |
| fixed length control field |
00629nam a22002177a 4500 |
| 008 - FIXED-LENGTH DATA ELEMENTS--GENERAL INFORMATION |
| fixed length control field |
131125b xxu||||| |||| 00| 0 eng d |
| 020 ## - INTERNATIONAL STANDARD BOOK NUMBER |
| International Standard Book Number |
9783708304441 |
| 041 0# - LANGUAGE CODE |
| Language code of text/sound track or separate title |
eng |
| 080 ## - UNIVERSAL DECIMAL CLASSIFICATION NUMBER |
| Universal Decimal Classification number |
342.9 |
| Common auxiliary subdivision |
(436) |
| 100 1# - Rafti |
| Rafti |
Zeiler, Gerold |
| 245 10 - TITLE STATEMENT |
| Title |
Arbitration in Austria : |
| Statement of responsibility, etc |
Gerold Zeiler |
| 250 ## - |
| -- |
2nd edition |
| 260 ## - |
| -- |
Wien : |
| -- |
Neuer wissenschaftlicher verlag ; |
| -- |
2007 |
| 300 ## - |
| -- |
123 f. : |
| -- |
22 cm. |
| 500 ## - |
| -- |
Preface : f. 5 |
| 500 ## - |
| -- |
Preface to the 1st edition f. : 6-7 |
| 505 ## - |
| -- |
Includes anex and index |
| 650 #0 - |
| -- |
Arbitrazhi |
| -- |
Austri |
| 700 1# - |
| -- |
Steindl, Barbara |
| 942 ## - ADDED ENTRY ELEMENTS (KOHA) |
| Source of classification or shelving scheme |
|
| Item type |
Books |